00479nam a2200109Ia 4500008004100000100003000041245014400071260003300215300001700248650001900265856008500284160712s9999 xx 000 0 und d aSantillan, Neil Martial . cNeil Martial SantillanaEmpowering the Youth Through Voluntarism: University of the Philippines Graduates as Volunteer Teachers (1998-2003) c2011bSocial Science Diliman avol. 7 no. 2 xSOCIAL SCIENCE uhttp://journals.upd.edu.ph/index.php/socialsciencediliman/issue/view/309/showToc